000 00755nam a2200229 i 4500
001 15602
003 ES-MaACL
005 20250910215919.0
007 t|
008 000405s1999 sp ||||1| spa d
020 _a84-8191-260-3
080 _a821.112.2-4"19"
100 1 _aBenn, Gottfried.
_927725
245 1 3 _aEl yo moderno y otros ensayos /
_cGottfried Benn ; prólogo y versión castellana de Enrique Ocaña.
260 _aValencia :
_bPre-Textos,
_c[1999]
300 _a206 p. ;
_c22 cm.
490 1 _aColección Textos y pretextos ;
_v413
700 1 _aOcaña, Enrique,
_d1965-
_986456
830 0 _aColección textos y pretextos (Pre-textos)
_v413
_9193495
852 _aES-MaACL
_jL-22709
_bR.128212
999 _c15602
_d15602